000 00266nam a2200097Ia 4500
005 20251222114410.0
008 251222s1900||||xx |||||||||||||| ||spa||
082 _aDVD0010/F96/2004
245 0 _aRey Arturo: versión del director:King Arthur: Director's Cut
942 _cDVD
999 _c1987
_d1987